<?xml version="1.0" encoding="UTF-8"?><?xml-stylesheet type="text/xsl" href="static/style.xsl"?><OAI-PMH xmlns="http://www.openarchives.org/OAI/2.0/" xmlns:xsi="http://www.w3.org/2001/XMLSchema-instance" xsi:schemaLocation="http://www.openarchives.org/OAI/2.0/ http://www.openarchives.org/OAI/2.0/OAI-PMH.xsd"><responseDate>2026-04-13T04:52:25Z</responseDate><request verb="GetRecord" identifier="oai:www.recercat.cat:2117/419404" metadataPrefix="marc">https://recercat.cat/oai/request</request><GetRecord><record><header><identifier>oai:recercat.cat:2117/419404</identifier><datestamp>2025-07-22T20:13:22Z</datestamp><setSpec>com_2072_1033</setSpec><setSpec>col_2072_452951</setSpec></header><metadata><record xmlns="http://www.loc.gov/MARC21/slim" xmlns:dcterms="http://purl.org/dc/terms/" xmlns:xsi="http://www.w3.org/2001/XMLSchema-instance" xmlns:doc="http://www.lyncode.com/xoai" xsi:schemaLocation="http://www.loc.gov/MARC21/slim http://www.loc.gov/standards/marcxml/schema/MARC21slim.xsd">
   <leader>00925njm 22002777a 4500</leader>
   <datafield ind2=" " ind1=" " tag="042">
      <subfield code="a">dc</subfield>
   </datafield>
   <datafield ind2=" " ind1=" " tag="720">
      <subfield code="a">Khlus, Tetyana</subfield>
      <subfield code="e">author</subfield>
   </datafield>
   <datafield ind2=" " ind1=" " tag="260">
      <subfield code="c">2024-10-30</subfield>
   </datafield>
   <datafield ind2=" " ind1=" " tag="520">
      <subfield code="a">Els moviments microsacàdics es veuen afectats notablement en alteracions com l'ambliopia i la insuficiència de convergència. Aquests trastorns solen estar relacionats amb canvis en els paràmetres microsacàdics, com ara la freqüència i la precisió. L’anàlisi dels moviments microsacàdics proporciona informació diagnòstica i pot servir com a biomarcador de la progressió dels trastorns. No obstant això, existeixen buits en la comprensió dels efectes terapèutics a llarg termini, la qual cosa indica la importància de dur a terme més investigacions.</subfield>
   </datafield>
   <datafield ind2=" " ind1=" " tag="520">
      <subfield code="a">Los movimientos microsacádicos se ven afectados notablemente en afecciones como la ambliopía y la insuficiencia de convergencia. Estos trastornos suelen estar relacionadas con cambios en los parámetros microsacádicos, como la frecuencia y la precisión. La evaluación de los movimientos microsacádicos proporciona información diagnóstica y puede servir como biomarcador de la progresión de los trastornos. Sin embargo, existen vacíos en la comprensión de los efectos terapéuticos a largo plazo, lo que indica la importancia de llevar a cabo más investigaciones.</subfield>
   </datafield>
   <datafield ind2=" " ind1=" " tag="520">
      <subfield code="a">Microsaccadic movements are notably affected in conditions like amblyopia and convergence insufficiency. These pathologies often correlate with changes in microsaccadic parameters such as frequency and accuracy. Assessing microsaccades provides diagnostic information and may serve as a biomarker for disorders` progression. However, there are gaps in understanding long-term therapeutic effects, indicating the need for further research.</subfield>
   </datafield>
   <datafield tag="653" ind2=" " ind1=" ">
      <subfield code="a">Àrees temàtiques de la UPC::Ciències de la visió::Optometria</subfield>
   </datafield>
   <datafield tag="653" ind2=" " ind1=" ">
      <subfield code="a">Eye--Movements</subfield>
   </datafield>
   <datafield tag="653" ind2=" " ind1=" ">
      <subfield code="a">Vision disorders</subfield>
   </datafield>
   <datafield tag="653" ind2=" " ind1=" ">
      <subfield code="a">Amblyopia</subfield>
   </datafield>
   <datafield tag="653" ind2=" " ind1=" ">
      <subfield code="a">Ulls--Moviments</subfield>
   </datafield>
   <datafield tag="653" ind2=" " ind1=" ">
      <subfield code="a">Trastorns de la visió</subfield>
   </datafield>
   <datafield tag="653" ind2=" " ind1=" ">
      <subfield code="a">Ambliopia</subfield>
   </datafield>
   <datafield ind2="0" ind1="0" tag="245">
      <subfield code="a">Bibliographic review about microsaccades in optometry</subfield>
   </datafield>
</record></metadata></record></GetRecord></OAI-PMH>